00000000nam 2200000zi 4500
0019.928674
003CaOODSP
00520250130142503
006m     o  d f      
007cr |n|||||||||
008230123e197710##nscd    o    f|0| 0 eng d
040 |aCaOODSP|beng|erda|cCaOODSP
043 |an-cn-nk
0861 |aEn37-639/1977E-PDF
24510|aCanada - New Brunswick Flood Forecasting Agreement work plan / |cCanada - New Brunswick Technical Sub-Committee on Flood Forecasting.
264 1|a[Halifax, Nova Scotia] : |b[Water Planning and Management Branch, Inland Waters Directorate], |cOctober 1977.
300 |a1 online resource (i, 21, 6 pages) : |bcharts
336 |atext|btxt|2rdacontent
337 |acomputer|bc|2rdamedia
338 |aonline resource|bcr|2rdacarrier
500 |aDigitized edition from print [produced by Environment and Climate Change Canada].
520 |a"The Province of New Brunswick and the Government of Canada have entered into a "General Agreement Respecting Flood Damage Reduction" with the objective of reducing potential flood damage on flood plains and along the shores of lakes, rivers and the sea. This agreement recognizes that the potential for flood damage can be reduced by the control of the uses made of areas prone to flooding"--Introduction, page [1].
650 0|aFlood damage prevention|zNew Brunswick.
650 6|aDommages causés par les inondations|xPrévention|zNouveau-Brunswick.
7101 |aCanada. |bInland Waters Directorate. |bWater Planning and Management Branch, |eissuing body.
85640|qPDF|s1.77 MB|uhttps://publications.gc.ca/collections/collection_2025/eccc/en37/En37-639-1977-eng.pdf